Muslims and the Indian National Congress, 1885-1924 / (Record no. 54671)
[ view plain ]
| 000 -LEADER | |
|---|---|
| fixed length control field | 00990nam a2200325 a 4500 |
| 001 - CONTROL NUMBER | |
| control field | 54671 |
| 003 - CONTROL NUMBER IDENTIFIER | |
| rucl marc code | BD-RjUL |
| 005 - DATE AND TIME OF LATEST TRANSACTION | |
| control field | 20211209080143.0 |
| 008 - FIXED-LENGTH DATA ELEMENTS--GENERAL INFORMATION | |
| fixed length control field | 161108s1985 ii b 001 0 eng |
| 020 ## - INTERNATIONAL STANDARD BOOK NUMBER | |
| Terms of availability | Rs 175.00 |
| 035 ## - SYSTEM CONTROL NUMBER | |
| System control number | (OCoLC)13004359 |
| System control number | (OCoLC)ocm13004359 |
| System control number | (CStRLIN)NYCG85-B113741 |
| System control number | (BD-RjUL)54793 |
| System control number | (NNC)303110 |
| 040 ## - CATALOGING SOURCE | |
| Modifying agency | CStRLIN |
| -- | NNC |
| Original cataloging agency | BD-RjUL |
| Language of cataloging | eng |
| Transcribing agency | BD-RjUL |
| 041 ## - LANGUAGE CODE | |
| Language code of text/sound track or separate title | eng |
| 082 0# - DEWEY DECIMAL CLASSIFICATION NUMBER | |
| Classification number | 954.035 |
| Edition number | 23 |
| Author mark and year | SAM 1985 |
| 090 ## - LOCALLY ASSIGNED LC-TYPE CALL NUMBER (OCLC); LOCAL CALL NUMBER (OCLC) | |
| Classification number (OCLC) (R) ; Classification number, CALL (RLIN) (NR) | DS479 |
| Local cutter number (OCLC) ; Book number/undivided call number, CALL (RLIN) | .S284 1985 |
| 100 1# - MAIN ENTRY--PERSONAL NAME | |
| Personal name | Saxena, Vinod Kumar. |
| 9 (RLIN) | 163036 |
| 245 10 - TITLE STATEMENT | |
| Title | Muslims and the Indian National Congress, 1885-1924 / |
| Statement of responsibility, etc. | Vinod Kumar Saxena. |
| 260 ## - PUBLICATION, DISTRIBUTION, ETC. (IMPRINT) | |
| Place of publication, distribution, etc. | Delhi : |
| Name of publisher, distributor, etc. | Discovery, |
| Date of publication, distribution, etc. | 1985. |
| 300 ## - PHYSICAL DESCRIPTION | |
| Pagination | ix, 258 p. ; |
| Size | 23 cm. |
| 500 ## - GENERAL NOTE | |
| General note | Includes index. |
| 504 ## - BIBLIOGRAPHY, ETC. NOTE | |
| Bibliography, etc | Bibliography: p. [233]-252. |
| 650 #0 - SUBJECT ADDED ENTRY--TOPICAL TERM | |
| Topical term or geographic name as entry element | Muslims |
| General subdivision | Political activity |
| Geographic subdivision | India. |
| 9 (RLIN) | 163037 |
| 651 #0 - SUBJECT ADDED ENTRY--GEOGRAPHIC NAME | |
| Geographic name | India |
| General subdivision | Politics and government |
| Chronological subdivision | 1857-1919. |
| 9 (RLIN) | 124245 |
| 942 ## - ADDED ENTRY ELEMENTS (KOHA) | |
| Source of classification or shelving scheme | Dewey Decimal Classification |
| Koha item type | Books |
| Lost status | Source of classification or shelving scheme | Damaged status | Not for loan | Collection code | Permanent Location | Current Location | Shelving location | Date acquired | Source of acquisition | Cost, normal purchase price | Total Checkouts | Full call number | Date last seen | Copy number | Koha item type |
|---|---|---|---|---|---|---|---|---|---|---|---|---|---|---|---|
| Dewey Decimal Classification | Non-fiction | Central Library, University of Rajshahi | Central Library, University of Rajshahi | 04/04/2006 | Paragon Enterprises Dhaka | 300.00 | 954.035 SAM 1985 | 08/11/2016 | C-2 | Books | |||||
| Dewey Decimal Classification | Not For Loan | Non-fiction | Central Library, University of Rajshahi | Central Library, University of Rajshahi | Reading Room | 04/04/2006 | Paragon Enterprises Dhaka | 300.00 | 954.035 SAM 1985 | 09/02/2017 | C-1 | Books |